| 000 | 00562nam a2200193Ia 4500 | ||
|---|---|---|---|
| 008 | 191130s1999##################000#0#eng## | ||
| 020 | _a9780195176544 | ||
| 040 |
_aACL _cACL |
||
| 082 | _a170.42 TIM | ||
| 100 | _aTimmons, Mark | ||
| 245 |
_aMorality without foundations: a defense of ethical contextualism _cMark Timmons |
||
| 260 |
_aOxford _bOxford University Press _cc1999 |
||
| 300 | _a269 p. ; 23 cm | ||
| 500 | _aIncludes Index | ||
| 650 | _aMoral Philosophy | ||
| 990 | _a0ae35d3dac10000c1b6c8eb488a61d41 | ||
| 991 | _a265747 | ||
| 999 |
_c380872 _d380872 |
||